一級配当読みサドンデス - Statistics

General Stats
  • This quiz has been taken 41 times
  • The average score is 3 of 30
Answers on the Grid
Answers color-coded by a green-red scale on the quiz's grid according to % correct below.
圧(へ-す)
娘(こ)
経(た-つ)
虞(おそれ)
且(か-つ)
愛(う-い)
案(つくえ)
為(な-る)
彙(はりねずみ)
一(はじ-め)
因(よすが)
円(まろ-やか)
鉛(おしろい)
汚(けが-れる)
応(まさに~べし)
火(コ)
苛(いじ-める)
禍(まが)
瓦(グラム)
回(めぐ-る)
開(はだ-ける)
解(ほつ-れる)
貝(バイ)
蓋(けだ-し)
確(しか-と)
獲(ワ)
干(ひ-る)
乾(ひ)
貫(ぬき)
敢(あ-えて)
閑(ひま)
漢(おとこ)
緩(ぬる-い)
岸(かどだ-つ)
岐(ちまた)
亀(あかぎれ)
毀(やぶ-れる)
宜(むべ)
却(かえ-って)
休(さいわ-い)
去(ゆ-く)
拠(よりどころ)
漁(いさ-り)
暁(さと-る)
菌(たけ)
空(うつ-ける)
径(さしわたし)
啓(ひら-く)
憬(あこが-れる)
激(はげ-る)
結(す-く)
献(まつ-る)
権(いきお-い)
謙(うやうや-しくする)
言(ことば)
限(きり)
厳(いか-つい)
錮(ながわずら-い)
後(しり)
娯(たの-しむ)
 
Answer Stats
Answer % Correct
彙(はりねずみ)
25%
去(ゆ-く)
22%
空(うつ-ける)
22%
拠(よりどころ)
19%
開(はだ-ける)
16%
圧(へ-す)
13%
娘(こ)
13%
愛(う-い)
13%
円(まろ-やか)
13%
火(コ)
13%
貫(ぬき)
13%
毀(やぶ-れる)
13%
宜(むべ)
13%
憬(あこが-れる)
13%
厳(いか-つい)
13%
錮(ながわずら-い)
13%
経(た-つ)
9%
解(ほつ-れる)
9%
緩(ぬる-い)
9%
菌(たけ)
9%
結(す-く)
9%
限(きり)
9%
後(しり)
9%
禍(まが)
6%
乾(ひ)
6%
閑(ひま)
6%
謙(うやうや-しくする)
6%
因(よすが)
3%
岐(ちまた)
3%
献(まつ-る)
3%
No matching quizzes found
Score Distribution
Percent of People with Each Score
Percentile by Number Answered
Your Score History
You have not taken this quiz